Pamiatky Bratislavy : štátny zoznam nehnuteľných kultúrnych pamiatok Bratislavy
Saved in:
| Main Author: | |
|---|---|
| Format: | Book |
| Language: | Slovak |
| Published: |
Bratislava :
MSPS,
1988
|
| Edition: | 1. vyd. |
| Subjects: | |
| Tags: |
No Tags, Be the first to tag this record!
|
MARC
| LEADER | 00000nam a22000003a 4500 | ||
|---|---|---|---|
| 001 | stu11277 | ||
| 005 | 20150617225639.0 | ||
| 008 | 950321s1988----cs------------------slo-d | ||
| 040 | |a STU |b slo | ||
| 041 | 0 | |a slo | |
| 044 | |a cs | ||
| 100 | 1 | |a Obuchová, Viera |4 aut | |
| 245 | 1 | |a Pamiatky Bratislavy : |b štátny zoznam nehnuteľných kultúrnych pamiatok Bratislavy | |
| 250 | |a 1. vyd. | ||
| 260 | |a Bratislava : |b MSPS, |c 1988 | ||
| 300 | |a 231 s | ||
| 650 | 7 | |a Bratislava |2 stusub | |
| 650 | 7 | |a pamiatky architektonické |2 stusub | |
| 650 | 7 | |a súpis pamiatok |2 stusub | |
| 996 | |b 284AU00726 |c A*2033 U |l AAKNAR |s A |a 24 |w stu11277_0001 | ||
| 996 | |b 284AU02177 |c A*2032 U |l AAKNAR |s A |a 24 |w stu11277_0002 | ||